000 00533nam a2200157 a 4500
001 000031668
005 20240305095107.0
008 110629s1990 dr 000 0 spa d
100 1 _aDauhajre, Andrés
_96000
245 1 0 _aLineamientos estratégicos para el desarrollo económico de la República Dominicana /
_cAndrés Dauhajre.
260 _aSanto Domingo :
_bMovimiento de Renovación,
_c1990.
_fEditora Taller
300 _a15 p. ;
_c22 cm.
490 1 _aPublicaciones
_v3
830 0 _aPublicaciones
_v3
_97786
999 _c31160
_d31160
040 _aDO-SdBNP